000 00246nam a2200109Ia 4500
008 190216s9999||||xx |||||||||||||| ||und||
100 _aGupta C B
245 0 _aManagement Theory And Practice
260 _bNull
_c1999
300 _a218p
942 _cBK
999 _c5797
_d5797